[Event "SRB-chT 1st League"]
[Site "Bajina Basta"]
[Date "2019.09.18"]
[Round "8.6"]
[White "Zivanovic, Bojan"]
[Black "Mitic, Milan"]
[Result "1-0"]
[WhiteElo "2118"]
[BlackElo "1999"]
[PlyCount "63"]
[EventDate "2019.09.13"]
[EventType "team-tourn"]
[EventRounds "11"]
[EventCountry "SRB"]
[SourceTitle "CBM 195 Extra"]
[Source "ChessBase"]
[SourceDate "2020.05.31"]
[SourceVersion "1"]
[SourceVersionDate "2020.05.31"]
[SourceQuality "1"]
[WhiteTeam "Krusik"]
[BlackTeam "Pirot Progres"]
[WhiteTeamCountry "SRB"]
[BlackTeamCountry "SRB"]

1. e4 e5 2. Nf3 Nc6 3. Bc4 Bc5 4. 0-0 d6 5. h3 Nf6 6. d3 Be6 7. Bb3 h6 8. Nc3 a6 9. Ne2 Bxb3 10. axb3 d5 11. exd5 Qxd5 12. Ng3 0-0-0 13. Qe2 Nd4 14. Nxd4 exd4 15. Bd2 Rhe8 16. Qf3 Qxf3 17. gxf3 Re6 18. Rfe1 Rde8 19. Rxe6 Rxe6 20. Re1 Rxe1+ 21. Bxe1 Nd5 22. Nf5 Nf4 23. Nxg7 Nxh3+ 24. Kf1 Kd7 25. Nf5 h5 26. Bd2 f6 27. f4 Ke6 28. Ng7+ Kf7 29. Nxh5 Kg6 30. Ng3 Bd6 31. Ne2 Kh5 32. Kg2 1-0

[Event "SRB-chT Central"]
[Site "Kragujevac"]
[Date "2018.09.21"]
[Round "10.2"]
[White "Zivanovic, Bojan"]
[Black "Arandjelovic, Aleksandar Z"]
[Result "1-0"]
[WhiteElo "2093"]
[BlackElo "2041"]
[PlyCount "83"]
[EventDate "2018.09.14"]
[EventType "team-tourn"]
[EventRounds "11"]
[EventCountry "SRB"]
[SourceTitle "CBM 186 Extra"]
[Source "ChessBase"]
[SourceDate "2018.08.24"]
[SourceVersion "1"]
[SourceVersionDate "2018.08.24"]
[SourceQuality "1"]
[WhiteTeam "Valjevo Krusik"]
[BlackTeam "Pirot Progres"]
[WhiteTeamCountry "SRB"]
[BlackTeamCountry "SRB"]

1. e4 c5 2. Nf3 d6 3. Bb5+ Bd7 4. Bxd7+ Nxd7 5. 0-0 e5 6. c3 Ngf6 7. Re1 Be7 8. d4 0-0 9. Nbd2 cxd4 10. cxd4 Rc8 11. b3 b5 12. Bb2 Qc7 13. Rc1 Qb8 14. Rxc8 Rxc8 15. Qb1 Bf8 16. Rc1 Rxc1+ 17. Qxc1 Qb7 18. Qc2 exd4 19. Bxd4 Ng4 20. Qc3 a6 21. Nh4 Nc5 22. h3 Nh6 23. Qc2 Qe7 24. Nhf3 f6 25. Be3 Nf7 26. b4 Nd7 27. Qc6 Nde5 28. Nxe5 Qxe5 29. Qxa6 d5 30. exd5 Qxd5 31. a4 bxa4 32. Qxa4 h6 33. Qe8 Nd6 34. Qd8 Qe5 35. Nf3 Qa1+ 36. Kh2 Nf7 37. Qe8 Nd6 38. Qe6+ Kh7 39. Bc5 Qd1 40. Nd4 Nb7 41. Qe4+ Kg8 42. Qd5+ 1-0

[Event "SRB-chT Central"]
[Site "Kragujevac"]
[Date "2018.09.18"]
[Round "6.2"]
[White "Djosic, Slavoljub"]
[Black "Zivanovic, Bojan"]
[Result "0-1"]
[WhiteElo "2315"]
[BlackElo "2093"]
[PlyCount "120"]
[EventDate "2018.09.14"]
[EventType "team-tourn"]
[EventRounds "11"]
[EventCountry "SRB"]
[SourceTitle "CBM 186 Extra"]
[Source "ChessBase"]
[SourceDate "2018.08.24"]
[SourceVersion "1"]
[SourceVersionDate "2018.08.24"]
[SourceQuality "1"]
[WhiteTeam "Kosovska Mitrovica"]
[BlackTeam "Valjevo Krusik"]
[WhiteTeamCountry "SRB"]
[BlackTeamCountry "SRB"]

1. Nf3 d5 2. b3 Nf6 3. Bb2 g6 4. g3 Bg7 5. Bg2 0-0 6. 0-0 Nbd7 7. d3 c5 8. e3 Qc7 9. c4 e5 10. Na3 a6 11. cxd5 Nxd5 12. d4 cxd4 13. exd4 exd4 14. Nxd4 N7b6 15. Rc1 Qd8 16. Rc2 h5 17. h3 h4 18. Qf3 Qg5 19. Bc1 Qf6 20. Qxf6 Bxf6 21. Ne2 Bf5 22. Rd2 Rad8 23. Rfd1 Rfe8 24. g4 Be4 25. f3 Bd3 26. Rxd3 Rxe2 27. f4 Ree8 28. g5 Nc3 29. Rxd8 Bxd8 30. Rf1 Nbd5 31. Bxd5 Nxd5 32. Nc4 Bc7 33. Kg2 b5 34. Ne5 Bxe5 35. Re1 Rc8 36. fxe5 Rc2+ 37. Kf3 Rxa2 38. e6 fxe6 39. Rxe6 Kf7 40. Rd6 Ne7 41. Rf6+ Kg7 42. Re6 Nf5 43. Rb6 Rh2 44. Kf4 Rxh3 45. Rb7+ Kg8 46. Rb8+ Kf7 47. Ba3 Rxb3 48. Rb7+ Kg8 49. Rb8+ Kf7 50. Rb7+ Ke8 51. Bc5 Rc3 52. Bg1 Rc6 53. Ke5 Ne7 54. Rb8+ Rc8 55. Rb6 Rc1 56. Bh2 Rc2 57. Bf4 Rc5+ 58. Kd4 Rc4+ 59. Ke5 Nc6+ 60. Kf6 Rxf4+ 0-1

[Event "Valjevo Gvozdenovic Memorial"]
[Site "Valjevo"]
[Date "2016.12.06"]
[Round "3"]
[White "Stojanovic, Dobrisav"]
[Black "Zivanovic, Bojan"]
[Result "1-0"]
[WhiteElo "2304"]
[BlackElo "2059"]
[PlyCount "81"]
[EventDate "2016.12.05"]
[EventType "swiss"]
[EventRounds "9"]
[EventCountry "SRB"]
[EventCategory "5"]
[SourceTitle "CBM 176 Extra"]
[Source "ChessBase"]
[SourceDate "2017.03.02"]
[SourceVersion "1"]
[SourceVersionDate "2017.03.02"]
[SourceQuality "1"]

1. d4 Nf6 2. c4 c5 3. d5 e6 4. Nc3 exd5 5. cxd5 d6 6. Nf3 g6 7. Bf4 Bg7 8. e3 0-0 9. Be2 a6 10. a4 Bg4 11. h3 Bxf3 12. Bxf3 Qc7 13. 0-0 Nbd7 14. g4 h6 15. a5 Rfe8 16. Qa4 Ne5 17. Be2 Nfd7 18. Rfc1 Rac8 19. Bg3 c4 20. Qb4 f5 21. gxf5 gxf5 22. Na4 Nc5 23. Nxc5 Qxc5 24. Qxc5 Rxc5 25. Bxe5 Bxe5 26. Rxc4 Rec8 27. Rb4 R8c7 28. Bd3 Kg7 29. Bxf5 Rxd5 30. Be4 Rb5 31. Rxb5 axb5 32. Ra3 Bxb2 33. Rb3 Bc3 34. Rxb5 Kf6 35. Rh5 Kg7 36. Rd5 Bb4 37. Rb5 Bc3 38. Bxb7 Bxa5 39. Rxa5 Rxb7 40. Ra6 Rd7 41. Kf1 1-0

[Event "Valjevo Gvozdenovic Memorial"]
[Site "Valjevo"]
[Date "2016.12.06"]
[Round "2"]
[White "Zivanovic, Bojan"]
[Black "Kostic, Vladimir G"]
[Result "1/2-1/2"]
[WhiteElo "2059"]
[BlackElo "2344"]
[PlyCount "22"]
[EventDate "2016.12.05"]
[EventType "swiss"]
[EventRounds "9"]
[EventCountry "SRB"]
[EventCategory "5"]
[SourceTitle "CBM 176 Extra"]
[Source "ChessBase"]
[SourceDate "2017.03.02"]
[SourceVersion "1"]
[SourceVersionDate "2017.03.02"]
[SourceQuality "1"]

1. e4 e6 2. d4 d5 3. Nc3 Nf6 4. Bg5 dxe4 5. Nxe4 Nbd7 6. Nxf6+ Nxf6 7. Nf3 h6 8. Bh4 Be7 9. Bd3 c5 10. dxc5 Qa5+ 11. c3 Qxc5 1/2-1/2

[Event "SRB-chT2 West"]
[Site "Kragujevac"]
[Date "2015.10.09"]
[Round "8.3"]
[White "Zivanovic, Bojan"]
[Black "Zajic, Milun"]
[Result "1/2-1/2"]
[WhiteElo "2070"]
[BlackElo "2037"]
[PlyCount "143"]
[EventDate "2015.09.04"]
[EventType "team-tourn"]
[EventRounds "11"]
[EventCountry "SRB"]
[SourceTitle "EXT 2022"]
[Source "ChessBase"]
[SourceDate "2021.10.06"]
[SourceVersion "1"]
[SourceVersionDate "2021.10.06"]
[SourceQuality "1"]

1. e4 d5 2. exd5 Qxd5 3. Nc3 Qd6 4. d4 Nf6 5. Nf3 c6 6. g3 Bg4 7. Bg2 e6 8. 0-0 Qc7 9. Ne2 Nbd7 10. Be3 Be7 11. h3 Bh5 12. Nf4 Bg6 13. Nxg6 hxg6 14. c4 Nb6 15. Qb3 0-0 16. Bf4 Qd7 17. Rfd1 Rfd8 18. a4 Nh5 19. Be3 Qc7 20. Ne5 Nd7 21. Nxd7 Rxd7 22. a5 Rad8 23. Qa4 Rc8 24. b4 Nf6 25. Rdc1 a6 26. b5 cxb5 27. cxb5 Qd8 28. bxa6 bxa6 29. Bf1 Rxc1 30. Rxc1 Rd5 31. Bxa6 Rxa5 32. Qc6 Nd5 33. Qc8 Nxe3 34. fxe3 Kh7 35. Qxd8 Bxd8 36. Bc4 Ra3 37. Re1 Rc3 38. Bf1 g5 39. Kg2 Bb6 40. Kf2 Kg6 41. Rd1 Kf5 42. Bd3+ Kf6 43. Be2 Ke7 44. Rd3 Rc2 45. Rb3 Bc7 46. g4 Rc1 47. Bf3 Ba5 48. Rb7+ Kf6 49. Be2 Be1+ 50. Kf3 Ba5 51. Kf2 Bc7 52. Bf3 Bd6 53. Rb6 Rc2+ 54. Be2 Ke7 55. Rb7+ Bc7 56. Rb5 Kf6 57. Rc5 Rxc5 58. dxc5 Ke5 59. Bf3 g6 60. Ke2 f5 61. gxf5 gxf5 62. Kd3 Ba5 63. c6 Bb6 64. Bg2 Kd6 65. Bh1 e5 66. Bg2 e4+ 67. Bxe4 fxe4+ 68. Kxe4 Ke6 69. Kf3 Kf5 70. e4+ Ke5 71. Kg4 Bd8 72. c7 1/2-1/2

[Event "SRB-chT2 West"]
[Site "Kragujevac"]
[Date "2015.10.08"]
[Round "6.5"]
[White "Roljevic, Djordje"]
[Black "Zivanovic, Bojan"]
[Result "1-0"]
[WhiteElo "2090"]
[BlackElo "2070"]
[PlyCount "85"]
[EventDate "2015.09.04"]
[EventType "team-tourn"]
[EventRounds "11"]
[EventCountry "SRB"]
[SourceTitle "EXT 2022"]
[Source "ChessBase"]
[SourceDate "2021.10.06"]
[SourceVersion "1"]
[SourceVersionDate "2021.10.06"]
[SourceQuality "1"]

1. d4 Nf6 2. Nf3 d5 3. c4 c6 4. Qc2 g6 5. Bf4 Bg7 6. e3 0-0 7. Nc3 Na6 8. Qb3 Qa5 9. Be5 Qb4 10. Qxb4 Nxb4 11. Rc1 dxc4 12. Bxc4 Bg4 13. Ke2 Rac8 14. Bxf6 Bxf6 15. a3 Na6 16. Bxa6 bxa6 17. Ne4 Bg7 18. Rc5 Rb8 19. b4 Be6 20. Ned2 Rb5 21. Rxc6 a5 22. Rc5 Rxc5 23. bxc5 Bd7 24. Rb1 Bc6 25. Nc4 a4 26. Rb4 a6 27. Nb2 f6 28. Rb6 Bb5+ 29. Kd2 e5 30. Nd1 Rd8 31. Nc3 exd4 32. exd4 Bf1 33. c6 Bh6+ 34. Kc2 Bf4 35. g3 Bd6 36. Nd5 Bg2 37. Nxf6+ Kf7 38. Ne1 Bh3 39. Nd5 Be6 40. Rb7+ Kf8 41. Nb6 Bxa3 42. c7 Rc8 43. Rb8 1-0

[Event "SRB-chT3 North CS"]
[Site "Sabac"]
[Date "2014.10.03"]
[Round "3.2"]
[White "Maksic, Dragan"]
[Black "Zivanovic, Bojan"]
[Result "1-0"]
[WhiteElo "2192"]
[BlackElo "2090"]
[PlyCount "119"]
[EventDate "2014.10.02"]
[EventType "team-swiss"]
[EventRounds "6"]
[EventCountry "SRB"]
[SourceTitle "EXT 2021"]
[Source "ChessBase"]
[SourceDate "2020.10.23"]
[SourceVersion "1"]
[SourceVersionDate "2020.10.23"]
[SourceQuality "1"]

1. e4 c5 2. Nf3 d6 3. d4 cxd4 4. Nxd4 Nf6 5. Nc3 g6 6. Be3 Bg7 7. Bc4 0-0 8. f3 Nc6 9. Qd2 Bd7 10. 0-0-0 Rb8 11. Nxc6 bxc6 12. Bxa7 Rb7 13. Be3 Qb8 14. Bh6 Bh8 15. Bxf8 Kxf8 16. b3 Qa7 17. a4 Qc5 18. Qd4 Qa3+ 19. Kd2 Bg7 20. Ke2 Nd5 21. Nb1 Qa2 22. Qd2 Nb6 23. Ba6 Ra7 24. Bd3 Qb2 25. Qb4 Nc8 26. Qb8 f5 27. Nd2 d5 28. Qf4 Qd4 29. Rhe1 h6 30. Kf1 g5 31. Qe3 Qe5 32. Kg1 Ra8 33. Kh1 d4 34. Qf2 f4 35. Nc4 Qc7 36. e5 c5 37. Qe2 Be6 38. Qe4 Rb8 39. Qg6 Bf7 40. Qf5 e6 41. Qe4 Ne7 42. g3 fxg3 43. hxg3 Nf5 44. Kg2 Bg6 45. Qe2 Re8 46. Nd6 Ne3+ 47. Kg1 Bxe5 48. Bxg6 Bxd6 49. Bxe8 Bxg3 50. Bg6 Qf4 51. Rf1 Kg7 52. Be4 Bh4 53. Qh2 Bg3 54. Qh5 Nxd1 55. Rxd1 Qe3+ 56. Kh1 Qe2 57. Rg1 Qf2 58. Qg6+ Kf8 59. Qxh6+ Ke7 60. Qxg5+ 1-0

[Event "SRB-chT2 West"]
[Site "Vrnjacka Banja"]
[Date "2013.10.11"]
[Round "2"]
[White "Lazic, Dragoljub"]
[Black "Zivanovic, Bojan"]
[Result "1-0"]
[WhiteElo "2266"]
[BlackElo "2075"]
[PlyCount "71"]
[EventDate "2013.10.10"]
[EventType "team-tourn"]
[EventRounds "8"]
[EventCountry "SRB"]
[SourceTitle "EXT 2014"]
[Source "ChessBase"]
[SourceDate "2013.11.20"]
[SourceVersion "1"]
[SourceVersionDate "2013.11.20"]
[SourceQuality "1"]

1. e4 c5 2. Nf3 d6 3. d4 cxd4 4. Nxd4 Nf6 5. Nc3 g6 6. Bc4 Bg7 7. 0-0 0-0 8. Bb3 Nc6 9. Nf3 Bd7 10. h3 Na5 11. Re1 Bc6 12. Nd4 Rc8 13. Bg5 a6 14. Qd2 b5 15. Nxc6 Rxc6 16. Nd5 Nxb3 17. axb3 Nxd5 18. exd5 Rc7 19. c3 f6 20. Be3 Qc8 21. b4 Qb7 22. Ra5 f5 23. Rea1 Ra8 24. Bg5 Be5 25. f4 Bg7 26. Re1 Re8 27. Re6 Rc4 28. Ra1 Rc7 29. Rae1 Kf7 30. Kh1 Rd7 31. Qd3 Qb6 32. Qg3 a5 33. bxa5 Qxa5 34. Qh4 h5 35. Bxe7 b4 36. Qg5 1-0

[Event "SRB-chT2 West"]
[Site "Vrnjacka Banja"]
[Date "2013.10.11"]
[Round "3"]
[White "Zivanovic, Bojan"]
[Black "Andjelic, Stevan"]
[Result "1-0"]
[WhiteElo "2075"]
[BlackElo "2098"]
[PlyCount "59"]
[EventDate "2013.10.10"]
[EventType "team-tourn"]
[EventRounds "8"]
[EventCountry "SRB"]
[SourceTitle "EXT 2014"]
[Source "ChessBase"]
[SourceDate "2013.11.20"]
[SourceVersion "1"]
[SourceVersionDate "2013.11.20"]
[SourceQuality "1"]

1. e4 Nf6 2. e5 Nd5 3. d4 d6 4. c4 Nb6 5. f4 dxe5 6. fxe5 Nc6 7. Be3 Bf5 8. Nc3 e6 9. Be2 Qd7 10. Nf3 Bg4 11. 0-0 Be7 12. h3 Bxf3 13. Rxf3 Rd8 14. Qf1 Nxd4 15. Rxf7 Nxe2+ 16. Nxe2 Nxc4 17. Rxg7 Rf8 18. Bf2 Nd2 19. Qe1 Ne4 20. Be3 Qd5 21. Bf4 Bc5+ 22. Kh2 Bf2 23. Qb4 Nc5 24. Nc3 Qc6 25. Bg5 Rd7 26. Rxd7 Qxd7 27. Rd1 Qg7 28. Rd8+ Kf7 29. Qf4+ Kg8 30. Bf6 1-0

[Event "SRB-chT3 North CS"]
[Site "Serbia"]
[Date "2012.09.21"]
[Round "1.1"]
[White "Zivanovic, Bojan"]
[Black "Rikalovic, Milan"]
[Result "0-1"]
[WhiteElo "2046"]
[BlackElo "2068"]
[PlyCount "117"]
[EventDate "2012.09.21"]
[EventType "team"]
[EventRounds "10"]
[EventCountry "SRB"]
[SourceTitle "EXT 2015"]
[Source "ChessBase"]
[SourceDate "2014.11.20"]
[SourceVersion "1"]
[SourceVersionDate "2014.11.20"]
[SourceQuality "1"]

1. e4 e6 2. d4 d5 3. Nc3 Nc6 4. e5 Nge7 5. Nf3 Ng6 6. Bd3 Be7 7. 0-0 Bd7 8. Ne2 Nb4 9. Nf4 Nxf4 10. Bxf4 Nxd3 11. Qxd3 0-0 12. h3 c5 13. dxc5 Bxc5 14. Ng5 g6 15. Rad1 Be7 16. Qg3 Kg7 17. Rd2 h6 18. Ne4 Rc8 19. Nf6 Rh8 20. Rfd1 Bxf6 21. exf6+ Kh7 22. Rd4 Kg8 23. c3 Qa5 24. Bd6 Qxa2 25. Rg4 Kh7 26. Rh4 Kg8 27. Qe3 h5 28. Ba3 Qb3 29. Rdd4 Qc2 30. g4 Rc4 31. gxh5 Rxd4 32. Qxd4 Rxh5 33. Rxh5 gxh5 34. Qxa7 Qg6+ 35. Kh2 Qxf6 36. Qb8+ Kh7 37. Qg3 e5 38. Bc5 Bf5 39. Be3 Be4 40. b4 d4 41. cxd4 exd4 42. Bd2 h4 43. Qf4 Qxf4+ 44. Bxf4 Kg6 45. Bd2 Kf5 46. f4 Bc6 47. Kg1 Ke4 48. Kf2 Kd3 49. Be1 Kc2 50. Ke2 Bd7 51. Kf3 Bf5 52. Bxh4 d3 53. Be1 d2 54. Bxd2 Kxd2 55. h4 Kd3 56. h5 Kd4 57. b5 b6 58. h6 Kd3 59. Kg3 0-1

[Event "SRB-chT3 Liga Nord CS"]
[Site "Serbia"]
[Date "2011.09.18"]
[Round "2"]
[White "Zivanovic, Bojan"]
[Black "Milovanovic, Pantelija"]
[Result "1-0"]
[WhiteElo "2008"]
[BlackElo "2083"]
[PlyCount "84"]
[EventDate "2011.09.11"]
[EventType "team"]
[EventRounds "11"]
[EventCountry "SRB"]
[SourceTitle "EXT 2015"]
[Source "ChessBase"]
[SourceDate "2014.11.20"]
[SourceVersion "1"]
[SourceVersionDate "2014.11.20"]
[SourceQuality "1"]

1. e4 d6 2. d4 Nf6 3. Nc3 Nc6 4. f4 e6 5. Nf3 d5 6. e5 Ne4 7. Bd3 Nxc3 8. bxc3 Na5 9. 0-0 b6 10. Ng5 g6 11. Qd2 Qd7 12. Qe2 h6 13. Nf3 Bb7 14. g4 Nc4 15. f5 gxf5 16. gxf5 0-0-0 17. Nh4 Rg8+ 18. Kh1 Kb8 19. f6 h5 20. Rg1 Rh8 21. Bf4 Ka8 22. Raf1 c5 23. Rg5 Bh6 24. Rxh5 Bxf4 25. Rxf4 Rdg8 26. Rxh8 Rxh8 27. Rg4 Qa4 28. Nf3 Qxa2 29. Qe1 Bc6 30. Rg7 Be8 31. Ng5 Nb2 32. Be2 Rf8 33. Bh5 cxd4 34. cxd4 Rh8 35. Be2 Nc4 36. Bd3 Nb2 37. Qc3 Nc4 38. Nf3 Qb1+ 39. Rg1 Qb5 40. Nd2 Qb2 41. Qxb2 Nxb2 42. Ba6 Kb8 1-0

[Event "SRB-chT3 Liga Nord CS"]
[Site "Serbia"]
[Date "2011.09.11"]
[Round "1.35"]
[White "Todorovic, Goran Z"]
[Black "Zivanovic, Bojan"]
[Result "1/2-1/2"]
[WhiteElo "1895"]
[BlackElo "2008"]
[PlyCount "93"]
[EventDate "2011.09.11"]
[EventType "team"]
[EventRounds "11"]
[EventCountry "SRB"]
[SourceTitle "EXT 2015"]
[Source "ChessBase"]
[SourceDate "2014.11.20"]
[SourceVersion "1"]
[SourceVersionDate "2014.11.20"]
[SourceQuality "1"]

1. e4 c5 2. c3 d5 3. exd5 Qxd5 4. d4 Nc6 5. Nf3 Bg4 6. Be2 e6 7. Be3 cxd4 8. cxd4 Nf6 9. 0-0 Be7 10. h3 Bh5 11. Nc3 Qa5 12. a3 Nd5 13. Qd2 Nxc3 14. Qxc3 Qxc3 15. bxc3 0-0 16. Rfb1 b6 17. Rb5 Bg6 18. c4 Rab8 19. c5 bxc5 20. dxc5 Be4 21. a4 Nb4 22. Ne5 Nc2 23. Rc1 Rbc8 24. Bd3 Bxd3 25. Nxd3 Nxe3 26. fxe3 Rfd8 27. Nb4 Kf8 28. Kf2 Rd2+ 29. Kf3 Ke8 30. Rc4 h6 31. g3 g5 32. Na6 Rd5 33. c6 Rxb5 34. axb5 Bd6 35. h4 f5 36. hxg5 hxg5 37. g4 Ke7 38. Rc1 Rh8 39. gxf5 exf5 40. c7 Rc8 41. e4 g4+ 42. Ke3 f4+ 43. Kd4 Ke6 44. Rc6 g3 45. e5 g2 46. Rc1 Bxe5+ 47. Ke4 1/2-1/2

[Event "SRB-Cup"]
[Site "Valjevo"]
[Date "2011.05.17"]
[Round "2.4"]
[White "Zivanovic, Bojan"]
[Black "Milosevic, Aleksandar"]
[Result "0-1"]
[WhiteElo "1962"]
[BlackElo "2280"]
[PlyCount "62"]
[EventDate "2011.05.16"]
[EventType "team-swiss"]
[EventRounds "7"]
[EventCountry "YUG"]
[SourceTitle "CBM 142 Extra"]
[Source "ChessBase"]
[SourceDate "2011.06.27"]
[SourceVersion "1"]
[SourceVersionDate "2011.06.27"]
[SourceQuality "1"]
[WhiteTeam "Valjevo Krusik"]
[BlackTeam "Paracin OSK"]
[WhiteTeamCountry "SRB"]
[BlackTeamCountry "SRB"]

1. e4 c5 2. Nf3 e6 3. d4 cxd4 4. Nxd4 a6 5. Bd3 Bc5 6. Nb3 Be7 7. Nc3 d6 8. Be3 Nf6 9. 0-0 Nbd7 10. f4 b5 11. a3 Bb7 12. Qe2 0-0 13. Rad1 Qc7 14. h3 Rfe8 15. g4 d5 16. e5 Ne4 17. Bxe4 dxe4 18. Bf2 Nc5 19. Nxc5 Bxc5 20. Rfe1 Bxa3 21. Nxb5 axb5 22. bxa3 e3 23. Bxe3 Qc6 24. Qh2 Rxa3 25. Rd2 h5 26. gxh5 Rea8 27. h6 gxh6 28. Red1 Rxe3 29. Rd8+ Rxd8 30. Rxd8+ Kh7 31. Rd1 Qc3 0-1